| 000 | 00852cam a2200349 4500 | ||
|---|---|---|---|
| 001 | 4385994 | ||
| 003 | DO-SdBNP | ||
| 005 | 20230522131501.0 | ||
| 007 | 4385994 | ||
| 008 | 081124s2007 sp a 000 f spa | ||
| 015 | _a | ||
| 017 |
_a _b |
||
| 020 | _a9788498156867 | ||
| 035 | _a | ||
| 040 |
_aBPMSU _bspa _cBPMSU _e |
||
| 080 | _a | ||
| 080 | _a | ||
| 080 | _a | ||
| 082 | 4 |
_a863.3 _bC419g 2007 _222 |
|
| 100 | 1 |
_aCervantes Saavedra, Miguel de _d1547-1616 _935 |
|
| 245 | 1 | 3 |
_aLa gitanilla / _cMiguel de Cervantes Saavedra _h |
| 260 |
_aMadrid : _bEl país, _c2007 |
||
| 300 |
_a90 p. : _c22 cm. _b |
||
| 490 | 0 | _aRelatos breves | |
| 590 | _6Inventariado, 2023 | ||
| 600 | 1 | 7 |
_a _d _2 |
| 600 | 1 | 7 |
_a _2 |
| 650 | 4 | _aNovela española. | |
| 901 | _a | ||
| 910 | _aVMateo V. Control de calidad (BPMSU) | ||
| 942 |
_2ddc _cBK |
||
| 999 |
_c9455 _d9455 |
||